Brazilians - Sudden Death - Statistics

General Stats
  • This quiz has been taken 996 times
    207 since last reset
  • The average score is 8 of 16
Answers on the Grid
Answers color-coded by a green-red scale on the quiz's grid according to % correct below.
Pelé
Ayrton Senna
Cristiano Ronaldo
Gisele Bündchen
Luís Figo
Adriana Lima
Vasco da Gama
Ferdinand Magellan
José Saramago
Anderson Silva
Cesária Évora
Alessandra Ambrosio
José Mourinho
Oscar Niemeyer
Paulo Coelho
José Saramago
Neymar
Jair Bolsonaro
Eusébio
Michel Teló
Antônio Carlos Jobim
Vítor Baía
João Gilberto
Frida Kahlo
Roberto Carlos
Fernando Pessoa
António Guterres
Ronaldinho
Salvador Sobral
Amanda Nunes
 
Answer Stats
Answer % Correct
Pelé
91%
Neymar
68%
Ayrton Senna
67%
Gisele Bündchen
62%
Adriana Lima
59%
Ronaldinho
59%
Anderson Silva
53%
Roberto Carlos
53%
Jair Bolsonaro
48%
Michel Teló
41%
Oscar Niemeyer
41%
João Gilberto
39%
Paulo Coelho
39%
Antônio Carlos Jobim
38%
Alessandra Ambrosio
29%
Amanda Nunes
21%
No matching quizzes found
Score Distribution
Percent of People with Each Score
Percentile by Number Answered
Your Score History
You have not taken this quiz since the last reset